Lions and Tigers and Bears Quiz Stats

Quiz Updated Dec 21, 2017

Challenge
Share
Tweet
Embed
Score 0/12 Timer 03:00
13 Plays Today
Question Answer Wrong Answers
Which was a companion of Dorothy Gale in the movie version of the Wizard of Oz? Lion
98.2%
Tiger
1%
Bear
0.8%
Which is the mascot of Kellogg's Frosted Flakes? Tiger
87.4%
Lion
11.9%
Bear
0.6%
Which was the lifeboat companion in Life of Pi? Tiger
85%
Lion
13.1%
Bear
1.1%
Which animal is found in the Survivor's theme song from Rocky III? Tiger
82.4%
Lion
13.9%
Bear
1.6%
Which type of animal is Baloo in the Jungle Book? Bear
82.3%
Lion
12.2%
Tiger
4.6%
Which is a symbol of Russia? Bear
81.9%
Lion
13.2%
Tiger
4.5%
Which is the daughter of Great Big Little Panther, kidnapped by the pirates in Peter Pan? Tiger Lily
81.3%
Lion's Mane
13.3%
Bear Claw
4.2%
Which appears in the title of a play by James Goldman, depicting the personal and political conflicts of Henry II of England and his wife Eleanor of Aquitaine? Lion
80.6%
Tiger
8.3%
Bear
9.3%
Which type of cub is associated with the Chicago Cubs baseball team? Bear
76.8%
Lion
14.7%
Tiger
6.6%
Which animal is associated with the constellation Ursa Major? Bear
75.7%
Lion
18.8%
Tiger
3.1%
Which was Jack Nicklaus' nickname? The Golden Bear
73.3%
The Lion King
13.3%
The Tiger
12.7%
Which is the name of the 1966 book by George Plimpton and film of the same name starring Alan Alda? Paper Lion
67.4%
Save the Tiger
13.3%
Papa Bear
17.9%

You're not logged in!

Compare scores with friends on all Sporcle quizzes.
Sign Up with Email
OR
Log In

You Might Also Like...

Show Comments

Extras

Top Quizzes Today


Score Distribution

Your Account Isn't Verified!

In order to create a playlist on Sporcle, you need to verify the email address you used during registration. Go to your Sporcle Settings to finish the process.